LEADER 02513nam 2200397Ia 450 001 996394005603316 005 20200818231232.0 035 $a(CKB)4940000000115613 035 $a(EEBO)2240849728 035 $a(UnM)99899569e 035 $a(UnM)99899569 035 $a(EXLCZ)994940000000115613 100 $a19981006d1689 uy | 101 0 $aeng 135 $aurbn||||a|bb| 200 10$aAstronomia anglicana$b[electronic resource] $econtaining an absolute and entire piece of astronomy. Wherein is succinctly handled the trigonometrical part, generally propounded, and particularly apply'd in all questions tending to diurnal motion, especially respecting the main doctrine of the second motions of the luminaries, and the other planets; together with their affections, as eclipses, &c. Composed according to the best observations, and grounded upon the most rational hypothesis yet constituted. With new, facile, and most exact tables, whereby the planets places may speedily be attained, both in longitude and latitude for any time past, present, or to come; and precepts for calculating eclipses, yet far more easie, expedite and perspicuous than any heretofore extant. Fitted to the meridian of the most famous and ancient metropolis London, and chiefly intended for the use of our English nation. By Nicholas Greenwood, ... and professor of physick 210 $aLondon $cprinted by John Harefinch, for William Hensman, at the Kings-Head in Westminster-Hall, and are to be sold by Rest Fenner bookseller in Canterbury$dMDCLXXXIX. [1689] 215 $a[8], 260 $cdiagrams, tables 300 $a"Doktrina sphairika: or, The doctrine of the sphere", "Doktrina theorika; or, A new theory of the c?lestial motions", and "Astronomia anglicana" each have separate dated title page on leaf B1r, H1r, and O2r, respectively; pagination and register are continuous. 300 $aFirst two words of B1r and H1r title page transliterated from Greek. 300 $aReproduction of original in the Folger Shakespeare Library. 330 $aeebo-0055 606 $aAstronomy$vEarly works to 1800 606 $aSphere$vEarly works to 1800 606 $aAstronomy$vTables$vEarly works to 1800 615 0$aAstronomy 615 0$aSphere 615 0$aAstronomy 700 $aGreenwood$b Nicholas$ffl. 1689.$01005545 801 0$bCu-RivES 801 1$bCu-RivES 801 2$bWaOLN 906 $aBOOK 912 $a996394005603316 996 $aAstronomia anglicana$92312104 997 $aUNISA LEADER 03767nam 2200493 450 001 9910682542803321 005 20230509114058.0 035 $a(CKB)5580000000527108 035 $a(NjHacI)995580000000527108 035 $a(EXLCZ)995580000000527108 100 $a20230509d2023 uy 0 101 0 $aeng 135 $aur||||||||||| 181 $ctxt$2rdacontent 182 $cc$2rdamedia 183 $acr$2rdacarrier 200 00$aCompensation for wrongful convictions $ea comparative perspective /$fedited by Wojciech Jasin?ski and Karolina Kremens 210 1$aAbingdon, Oxon ;$aNew York, NY :$cTaylor & Francis,$d2023. 215 $a1 online resource (260 pages) 225 1 $aRoutledge contemporary issues in criminal justice and procedure 311 $a1-03-213476-3 320 $aIncludes bibliographical references and index. 327 $aCompensation for wrongful convictions in England and Wales / Hannah Quirk -- Compensation for wrongful convictions in Germany / Anna Helena Albrecht -- Compensation for wrongful convictions in Italy / Simone Lonati -- Compensation for wrongful convictions in Spain / Juan Carlos Ortiz-Pradillo -- Compensation for wrongful convictions in the Netherlands / Joost Nan, Nina Holvast, and Sjarai Lestrade -- Compensation for wrongful convictions in Norway / Ulf Stridbeck -- Compensation for wrongful convictions in Lithuania / Simona Drukteiniene? -- Compensation for wrongful convictions in Poland / Dorota Czerwin?ska and Artur Kowalczyk -- Compensation for wrongful conviction in the United States / Meghan J. Ryan -- European standard of compensation for wrongful conviction / Ma?gorzata Wa?sek-Wiaderek -- In quest of the optimum model for compensating wrongful conviction / Wojciech Jasin?ski and Karolina Kremens. 330 $a"This book presents a comprehensive comparative analysis of the substantive and procedural aspects of compensation for wrongful convictions among European countries and the USA, as well as the standard derived from the case law of the European Court of Human Rights. The collection draws comparative conclusions as to the similarities and differences between selected jurisdictions and assesses the effectiveness of the national compensation schemes. This enables the designing of an optimum model of compensation, offering accessibility and effectiveness for the victims of miscarriages of justice and being acceptable for jurisdictions based on common law, and civil law traditions, as well as inquisitorial and adversarial types of criminal process. Moreover, the discussion of the minimum European standard as established in the case law of the European Court of Human Rights enables us to identify how the Strasbourg Court can contribute to strengthening the compensation scheme. The book will be essential reading for students, academics and policymakers working in the areas of criminal law and procedure"-- Provided by publisher. 410 0$aRoutledge contemporary issues in criminal justice and procedure. 606 $aCompensation for judicial error 606 $aGovernment liability 606 $aReparation (Criminal justice) 606 $aCompensation for judicial error$zEurope 606 $aCompensation for judicial error$zUnited States 615 0$aCompensation for judicial error. 615 0$aGovernment liability. 615 0$aReparation (Criminal justice) 615 0$aCompensation for judicial error 615 0$aCompensation for judicial error 676 $a345.0122 702 $aJasin?ski$b Wojciech 702 $aKremens$b Karolina 801 0$bNjHacI 801 1$bNjHacl 906 $aBOOK 912 $a9910682542803321 996 $aCompensation for Wrongful Convictions$93086956 997 $aUNINA LEADER 01393 am 22002893u 450 001 9910765710903321 005 20200108 024 7 $a10.3726/b12443 035 $a(CKB)4100000007523394 035 $a(OAPEN)1003521 035 $a(EXLCZ)994100000007523394 100 $a20200108d|||| uy 101 0 $ager 135 $auuuuu---auuuu 200 10$aThema und Anweisungsstruktur im Text mit einer Analyse des ersten Abschnittes aus Noc s Hamletemvon Vladimír Holan 210 $aBern$cPeter Lang International Academic Publishers$d1979 215 $a1 online resource (178) 311 $a3-87690-164-2 330 $aDas Ziel dieser Arbeit ist es, mit Hilfe von linguistischen und kommunikationstheoretischen Analysemethoden fakultative und gegebenenfalls obligatorische Gesetzmäßigkeiten der innertextuellen Organisation aufzuzeigen. Dabei werden auch neuere Ansätze, insbesondere die von der Logik, Semantik und Systemtheorie beeinflußten, auf ihre Praktikabilität hin überprüft. 517 $aSlavistische Beitraege vol. 131 606 $aLiterature & literary studies$2bicssc 615 7$aLiterature & literary studies 700 $aNitsch$b Eva$4aut$01306618 906 $aBOOK 912 $a9910765710903321 996 $aThema und Anweisungsstruktur im Text mit einer Analyse des ersten Abschnittes aus Noc s Hamletemvon Vladimír Holan$93654116 997 $aUNINA